<?xml version="1.0" encoding="UTF-8"?><?xml-stylesheet type="text/xsl" href="static/style.xsl"?><OAI-PMH xmlns="http://www.openarchives.org/OAI/2.0/" xmlns:xsi="http://www.w3.org/2001/XMLSchema-instance" xsi:schemaLocation="http://www.openarchives.org/OAI/2.0/ http://www.openarchives.org/OAI/2.0/OAI-PMH.xsd"><responseDate>2026-04-27T13:11:15Z</responseDate><request verb="GetRecord" identifier="oai:uvadoc.uva.es:10324/6570" metadataPrefix="marc">https://uvadoc.uva.es/oai/request</request><GetRecord><record><header><identifier>oai:uvadoc.uva.es:10324/6570</identifier><datestamp>2021-06-18T09:36:13Z</datestamp><setSpec>com_10324_38</setSpec><setSpec>col_10324_787</setSpec></header><metadata><record xmlns="http://www.loc.gov/MARC21/slim" xmlns:doc="http://www.lyncode.com/xoai" xmlns:xsi="http://www.w3.org/2001/XMLSchema-instance" xmlns:dcterms="http://purl.org/dc/terms/" xsi:schemaLocation="http://www.loc.gov/MARC21/slim http://www.loc.gov/standards/marcxml/schema/MARC21slim.xsd">
<leader>00925njm 22002777a 4500</leader>
<datafield tag="042" ind1=" " ind2=" ">
<subfield code="a">dc</subfield>
</datafield>
<datafield tag="720" ind1=" " ind2=" ">
<subfield code="a">Gangas de Castro, María Concepción</subfield>
<subfield code="e">author</subfield>
</datafield>
<datafield tag="260" ind1=" " ind2=" ">
<subfield code="c">2014</subfield>
</datafield>
<datafield tag="520" ind1=" " ind2=" ">
<subfield code="a">El fin es realizar una evaluación económica financiera del programa Leader en la provincia de Palencia (Periodo 2006-2013) siguiendo la metodología propuesta por la Comisión Europea.&#xd;
Después de estudiar el ámbito de actuación y la estructura de los cuatro Grupos de Acción Local de Palencia se hace un diagnóstico social, económico y medioambiental de sus zonas de actuación.&#xd;
Para determinar como la ayuda pública asignada a los Grupos contribuye a  la revitalización de las zonas rurales, se evalúan los proyectos aprobados en cada Medida del eje 4, se utilizan diversos instrumentos y técnicas de análisis cuantitativas y cualitativas , y se analiza un proyecto dentro de cada Medida.&#xd;
Con los datos obtenidos y las respuestas dadas a las preguntas de evaluación se elabora un análisis DAFO de los factores sociales, económicos, medioambientales, y específicos del Programa, con las conclusiones y los aspectos a tener en cuenta en los próximos PDL.</subfield>
</datafield>
<datafield tag="024" ind2=" " ind1="8">
<subfield code="a">http://uvadoc.uva.es/handle/10324/6570</subfield>
</datafield>
<datafield ind1=" " ind2=" " tag="653">
<subfield code="a">Ayuda al desarrollo económico regional-España-Palencia</subfield>
</datafield>
<datafield tag="245" ind1="0" ind2="0">
<subfield code="a">Evaluación económico financiera del programa Leadercal ejecutado por los grupos de acción local de la provincia de Palencia en el periodo de programación 2006-2013</subfield>
</datafield>
</record></metadata></record></GetRecord></OAI-PMH>